MARC

LEADER 00000nam0a2200000 4500
001 53944
005 20231101211445.0
035 |a (RuTPU)RU\TPU\book\56541 
090 |a 53944 
100 |a 20030626d1974 km y0rusy50 ca 
101 1 |a rus  |c eng 
102 |a RU 
105 |a a g 001zy 
200 1 |a Справочник по расчету фильтров  |e пер. с англ.  |f Г. Ханзел  |g под ред. А. Е. Знаменского 
210 |a Москва  |c Советское радио  |d 1974 
215 |a 288 с.  |c ил. 
320 |a Библиогр.: с. 286-287. 
606 1 |a Фильтры радиоволн  |2 stltpush  |3 (RuTPU)RU\TPU\subj\31638  |9 54444 
610 1 |a справочники 
610 1 |a расчет 
610 1 |a оценка 
610 1 |a полосовые фильтры 
610 1 |a конструирование 
610 1 |a настройка 
610 1 |a измерения 
675 |a 621.372.54(035)  |v 3 
700 1 |a Ханзел  |b Г.  |g Грант 
702 1 |a Знаменский  |b А. Е.  |4 340 
801 1 |a RU  |b 63413507  |c 20030626  |g PSBO 
801 2 |a RU  |b 63413507  |c 20201010  |g PSBO 
942 |c BK